| 000 | 00832nam a22002532a 4500 | ||
|---|---|---|---|
| 001 | 32923 | ||
| 003 | BD-RjUL | ||
| 005 | 20211209051921.0 | ||
| 008 | 140429s1954 uk 000 0 eng d | ||
| 020 | _a0521094410 | ||
| 035 |
_a(UkLCURL)050010878658 _a(BD-RjUL)33013 |
||
| 040 |
_aUkOxU _beng _cUkOxU _dBD-RjUL |
||
| 041 | _aeng | ||
| 082 | 1 | 4 |
_a153.123 _bBAR 1954 |
| 100 | 1 |
_aBartlett, Frederic C. _q(Frederic Charles), _d1887-1969. _94129 |
|
| 245 | 1 | 0 |
_aRemembering : _ba study in experimental and social psychology / _cFrederick C. Bartlett. |
| 260 |
_aCambridge : _bCambridge University Press, _c1954. |
||
| 300 |
_a317 p : _bill ; _c21 cm. |
||
| 650 | 0 |
_aMemory. _9100079 |
|
| 650 | 0 |
_aRecognition (Psychology) _993258 |
|
| 650 | 0 |
_aPsychophysiology _9100080 |
|
| 650 | 0 |
_aSocial psychology _9100081 |
|
| 942 |
_2ddc _cBK |
||
| 999 |
_c32923 _d32923 |
||